Statistics for 小倉百人一首の歌人

Click here to take the quiz!

General Stats

  • This quiz has been taken 110 times
  • The average score is 15 of 100

Answer Stats

Answer% Correct
天智天皇
78%
紫式部
73%
清少納言
72%
蝉丸
69%
持統天皇
61%
小野小町
61%
在原業平朝臣
51%
紀貫之
48%
権中納言定家
46%
和泉式部
39%
柿本人麻呂
37%
菅家
34%
山部赤人
34%
中納言家持
33%
崇徳院
30%
紀友則
28%
鎌倉右大臣
25%
西行法師
24%
順徳院
24%
伊勢
22%
後鳥羽院
22%
小式部内侍
19%
壬生忠見
16%
清原元輔
16%
喜撰法師
16%
猿丸太夫
16%
壬生忠岑
15%
凡河内躬恒
15%
僧正遍昭
15%
右近
13%
寂蓮法師
13%
参議篁
13%
文屋康秀
13%
赤染衛門
12%
素性法師
12%
河原左大臣
12%
平兼盛
10%
中納言行平
10%
光孝天皇
10%
相模
10%
安倍仲麻呂
10%
法性寺入道前関白太政大臣
10%
清原深養父
9%
春道列樹
9%
陽成院
9%
入道前太政大臣
9%
大江千里
9%
大納言公任
9%
伊勢大輔
7%
中納言朝忠
7%
三条院
7%
参議等
7%
貞信公
7%
式子内親王
7%
俊恵法師
6%
源重之
6%
大弐三位
6%
待賢門院堀川
6%
左京大夫顕輔
6%
二条院讃岐
6%
右大将道綱母
6%
皇嘉門院別当
4%
権中納言匡房
4%
殷富門院大輔
4%
源兼昌
4%
後京極摂政前太政大臣
4%
源俊頼朝臣
4%
道因法師
4%
元良親王
4%
能因法師
4%
周防内侍
4%
坂上是則
4%
藤原敏行朝臣
4%
儀同三司母
4%
文屋朝康
4%
良暹法師
3%
大納言経信
3%
三条右大臣
3%
前大僧正慈円
3%
藤原興風
3%
曾禰好忠
3%
大中臣能宣朝臣
3%
中納言定頼
3%
大僧正行尊
3%
藤原義孝
3%
祐子内親王家紀伊
3%
左京大夫道雅
3%
従二位家隆
1%
中納言兼輔
1%
源宗干朝臣
1%
藤原基俊
1%
参議雅経
1%
皇太后宮大夫俊成
1%
藤原清輔朝臣
1%
藤原道信朝臣
1%
中納言敦忠
1%
謙徳公
1%
後徳大寺左大臣
1%
恵慶法師
1%
藤原実方朝臣
1%

Score Distribution

Percentile by Number Answered

Percent of People with Each Score

Your Score History

You have not taken this quiz